[Event "Schaakweek Apeldoorn GM 2018"]
[Site "Apeldoorn"]
[Date "2018.06.07"]
[Round "1"]
[White "Praggnanandhaa, R."]
[Black "Ernst, Sipke"]
[Result "0-1"]
[WhiteElo "2507"]
[BlackElo "2555"]
[Annotator "TA"]
[PlyCount "88"]
[EventDate "2018.06.12"]
[EventType "tourn"]
[EventCountry "NED"]
[SourceTitle "playchess.com"]
[Source "ChessBase"]
[SourceQuality "1"]

{[%evp 25,88,56,48,55,63,13,45,40,45,13,36,41,84,65,73,83,67,59,52,56,75,81,102,102,106,97,136,104,115,80,108,116,127,125,122,37,46,30,36,33,32,41,71,22,10,0,0,0,0,-46,-42,-164,-161,-343,-335,-417,-414,-29990,-29991,-29991,-29992,-29994,-29992,-29992,-29993]} 1. Nf3 Nf6 2. c4 c6 3. g3 g6 4. Bg2 Bg7 5. d4 d6 6. O-O O-O 7. Nc3 Qa5 8. e4 e5 9. h3 Nbd7 10. Re1 exd4 11. Nxd4 Re8 12. Rb1 Ne5 13. Bf1 a6 {[%cal Ba7a6,Ba6a5][%mdl 32] LiveBook: 17 Games. E69: King's Indian: Fianchetto: 6...Nbd7 7 0-0 e5 8 e4 c6 9 h3} 14. f4 {And now Nb3 would win.} Ned7 15. Kh2 h5 $146 {The position is equal.} ({Predecessor:} 15... Rb8 16. b4 Qc7 17. Bb2 c5 18. bxc5 Nxc5 19. Bg2 Bd7 20. Nb3 Ba4 21. Ba1 {1-0 (51) Dautov,R (2590)-Dydyshko,V (2480) Muenster 1997}) 16. Bg2 Qc7 17. Kh1 a5 (17... b5 $5) 18. Be3 Bf8 19. Qc2 Nc5 20. Bf2 a4 21. b4 axb3 $1 22. axb3 Bd7 23. b4 Na6 24. Qd2 Bh6 25. Nf3 Be6 26. Bd4 Nd7 27. Nd5 Qd8 28. Ba1 Nc7 29. Ne3 ({Much less strong is} 29. Nxc7 Qxc7 30. Red1 Bxc4 $14) 29... Nf6 {[#]} 30. Bxf6 (30. Qc2 $1 $16) 30... Qxf6 $14 31. Qxd6 Qd8 32. Qxd8 Rexd8 33. b5 cxb5 34. cxb5 (34. Nd5 $5 Nxd5 35. cxd5 $16) 34... Ra3 35. b6 Na6 36. Nd5 Nc5 37. Nc7 {[#]} Bxh3 $1 {[%mdl 512]} 38. Bxh3 ({White should try} 38. Nd5 $15) 38... Rxf3 $19 39. Kg2 $2 (39. Nd5) 39... Rdd3 40. Bc8 Rxg3+ 41. Kf2 (41. Kh1 $19 Bxf4 42. Rb5) 41... Rdf3+ {Black mates.} 42. Ke2 Nxe4 43. Kd1 Nc3+ 44. Kc2 Rf2+ {Precision: White = 44%, Black = 53%.} 0-1

[Event "Schaakweek Apeldoorn GM 2018"]
[Site "Apeldoorn"]
[Date "2018.06.07"]
[Round "1"]
[White "Pijpers, Arthur"]
[Black "Beerdsen, Thomas"]
[Result "1/2-1/2"]
[WhiteElo "2479"]
[BlackElo "2454"]
[Annotator "TA"]
[PlyCount "164"]
[EventDate "2018.06.12"]
[EventType "tourn"]
[EventCountry "NED"]
[SourceTitle "playchess.com"]
[Source "ChessBase"]
[SourceQuality "1"]

{[%evp 26,164,24,20,50,50,44,52,41,42,42,40,45,41,51,50,61,30,30,30,40,33,48,44,58,53,86,35,69,64,60,58,85,91,90,89,73,73,143,52,95,97,93,98,93,65,95,104,109,114,110,97,104,89,123,10,39,45,34,28,35,46,53,0,0,0,6,0,8,8,15,15,15,8,10,8,79,79,537,0,21,0,59,54,80,80,89,30,37,26,28,15,15,15,15,15,15,15,52,15,62,52,62,15,15,15,20,20,20,20,25,8,8,8,15,8,25,8,8,0,25,25,25,25,26,31,30,31,46,46,62,15,15,15,15,15,15,0,0,0,15]} 1. e4 e5 2. Nf3 Nc6 3. Bb5 Nf6 4. O-O Nxe4 5. Re1 Nd6 6. Nxe5 Nxe5 7. Rxe5+ Be7 {[%cal Bf8e7,Be7f6,Bf6e5][%mdl 32]} 8. Bf1 O-O 9. d4 Bf6 10. Re1 Nf5 {C67: Spanische Partie (Berliner Verteidigung)} 11. d5 d6 (11... Re8 12. Bd3 Rxe1+ 13. Qxe1 Qe7 14. Qxe7 Nxe7 15. d6 cxd6 16. Na3 d5 17. Nb5 d6 18. Nxd6 {½-½ (32) Caruana,F (2784)-Aronian,L (2794) Karlsruhe/Baden-Baden 2018}) 12. Nd2 c6 13. Ne4 Be5 14. c3 {LiveBook: 8 Partien} cxd5 15. Qxd5 Ne7 $146 16. Qd1 d5 17. Ng5 Bf6 18. Bd3 g6 19. Nf3 Nc6 20. Bh6 Re8 21. Rxe8+ Qxe8 22. Qd2 Be6 23. Re1 Qe7 24. Qf4 Re8 25. h4 Bh8 26. Bg5 (26. h5 $16) 26... f6 27. Bh6 Ne5 28. Bc2 Bf5 29. Nd4 Bxc2 30. Nxc2 Qd7 31. Qd4 Rd8 (31... b6 $142) 32. Ne3 ({Günstiger ist} 32. Qxa7 $16 Re8 33. Qd4) 32... Nc6 {[#]} 33. Qxd5+ $1 Qxd5 34. Nxd5 Rxd5 35. Re8+ Kf7 36. Rxh8 $16 {[%mdl 4096] Endspiel KTL-KTS} Rh5 37. Bf4 Rxh4 38. g3 {[%cal Bg2g3,Bg3g4][%mdl 32]} Rh5 39. g4 Rb5 {[#]} 40. b3 (40. b4 $1 $16) 40... h5 41. c4 Ra5 42. Rh7+ Ke6 43. gxh5 gxh5 44. Rxb7 (44. a4 $1 $14) 44... Rxa2 $11 45. Be3 Rb2 46. Kg2 a5 47. Rb6 Kd7 48. Rb5 Ke6 49. Kg3 Ne5 50. f4 Re2 (50... Nc6 $11) 51. Bb6 $16 Rb2 $2 {[%mdl 8192]} (51... Nc6 $16) 52. Be3 $2 ({Weiss braucht} 52. fxe5 $18 fxe5 53. Bxa5) 52... Re2 $11 53. Bb6 (53. Ba7 {is more complex.} Nc6 54. Bb6 Ra2 55. Rxh5 Ra3 56. Kg4) 53... Nc6 (53... Rb2 $1 $11) 54. Rxh5 $14 Rb2 55. Rb5 f5 56. Be3 (56. Kh3 $16) 56... Nb4 $11 57. Re5+ Kd7 58. Rxa5 {zielt auf Kf3 ab.} Rxb3 59. Kf2 {Schwarz muss nun Tb5 beachten.} Rc3 60. Rxf5 {Droht c5 und aus.} Rxc4 61. Kf3 Ke6 62. Kg4 Rc2 63. Re5+ Kf7 64. Kg5 Rg2+ 65. Kf5 Nc6 66. Rb5 Ne7+ 67. Ke4 Ra2 68. Bd4 Ra4 69. Rb6 Rc4 70. Rf6+ Kg7 71. Re6+ Kf7 72. Rf6+ Kg7 73. Rd6+ Kf7 74. Kf3 Rc6 75. Rd7 Ke6 76. Ra7 Rc4 77. Ra6+ Nc6 78. Be3 Kf5 {Die Stellung ist ausgeglichen.} 79. Ra8 Nd4+ 80. Bxd4 Rxd4 81. Rf8+ Kg6 82. Kg4 Rd6 {Precision: Weiß = 51%, Schwarz = 49%.} 1/2-1/2

[Event "Schaakweek Apeldoorn GM 2018"]
[Site "Apeldoorn"]
[Date "2018.06.07"]
[Round "1"]
[White "Kuipers, Stefan"]
[Black "Fier, Alexandr"]
[Result "1/2-1/2"]
[WhiteElo "2477"]
[BlackElo "2576"]
[Annotator "TA"]
[PlyCount "127"]
[EventDate "2018.06.12"]
[EventType "tourn"]
[EventCountry "NED"]
[SourceTitle "playchess.com"]
[Source "ChessBase"]
[SourceQuality "1"]

{[%evp 21,127,33,39,7,47,27,45,33,76,22,91,88,163,160,154,159,150,155,225,67,68,62,65,21,35,30,37,35,21,22,27,0,47,0,0,0,0,0,71,65,65,64,58,60,69,47,47,47,47,54,54,15,145,135,130,0,150,0,128,127,181,173,139,0,0,0,0,0,0,0,0,0,0,0,0,0,0,0,0,0,0,0,0,0,0,0,0,0,0,0,0,0,0,0,0,0,0,0,0,0,0,0,0,0,0,0,0,0]} 1. e4 c5 2. Nf3 e6 3. d4 cxd4 4. Nxd4 Nc6 {[%cal Bb8c6,Bc6e5,Be5g4][%mdl 32]} 5. Nc3 Qc7 6. Be3 a6 7. Qf3 {B48: Sicilian: Taimanov: 5 Nc3 Qc7 6 Be3 a6 without Be2} Nf6 8. O-O-O Ne5 9. Qg3 b5 10. f4 (10. a3 Bb7 11. Bxb5 Rc8 12. Ba4 Nxe4 13. Nxe4 Bxe4 14. Bf4 Qc4 15. Bxe5 Qxa4 {1-0 (38) Vachier Lagrave,M (2789)-Anand,V (2776) Karlsruhe/Baden-Baden 2018}) 10... Neg4 11. Bg1 h5 {LiveBook: 17 Games} 12. Bd3 b4 (12... Bb7 $5 {[%cal Rb5b4]}) 13. Na4 Bb7 14. h3 Nh6 15. Qe3 $146 (15. Re1 $16) 15... Qa5 (15... d5 $11) 16. b3 $16 d5 (16... Qc7 $16 {was worth a try.}) 17. Nxe6 $18 fxe6 18. exd5 Bxd5 19. Bg6+ Ke7 (19... Nf7 $16) 20. f5 $2 {[#]} (20. Kb1 $18) 20... Nxf5 $1 $14 {[%mdl 512]} 21. Bxf5 g6 $1 22. Qc5+ (22. Bxe6 $2 Bxe6 23. Qe2 Kf7 $19) 22... Qxc5 23. Bxc5+ Kf7 24. Bd3 Bxc5 25. Nxc5 a5 26. Rhf1 {Hoping for Nd7.} Ke7 {White should prevent ...Rac8.} 27. Rde1 (27. Bxg6 Rhg8 $15) (27. Rf2 {seems wilder.} Rac8 28. Na4 Rc6 29. Re1 g5 30. Nb2) 27... Rac8 28. Ne4 $1 {[%cal Re4f6]} Bxe4 29. Bxe4 g5 (29... Nxe4 $11 30. Rxe4 Rhf8 31. Rxf8 Rxf8) 30. Bd3 $36 {[%mdl 2048] And now Bc4 would win. White has some pressure.} Nd5 31. Rf5 Kd6 $1 (31... Nf4 $2 32. Bc4 $18) 32. Rxg5 Rcg8 $1 {[%cal Rg8g5]} 33. Ree5 Rxg5 34. Rxg5 {[%mdl 4096] Endgame KRB-KRN} h4 35. Kd2 Rf8 36. Rg4 Kc5 (36... Ke5 $11 {keeps the balance.}) 37. Rc4+ (37. Rxh4 $6 Rf2+ 38. Kc1 Rxg2 $14) 37... Kd6 38. Rg4 (38. Rxh4 $6 Rf2+ 39. Kc1 Rxg2 $11) 38... Kc5 39. Rc4+ ({Don't do} 39. Rxh4 $6 Rf2+ 40. Kc1 Rxg2 $14) 39... Kd6 {[#]} 40. Be4 $1 ({Reject} 40. Rxh4 $6 Rf2+ 41. Kc1 Rxg2 $11) 40... Rf1 (40... e5 $16 41. Bf3 Rh8) 41. Bf3 $18 e5 42. Bxd5 (42. Rxh4 $16 {Threatens to win with Rh6+.} Rf2+ 43. Kd3 Nf4+ 44. Ke4) 42... Kxd5 $11 {The position is equal.} 43. Rxh4 $16 {Black must now prevent Rg4. KR-KR} Rf2+ 44. Kd3 {Rg4 is the strong threat.} Rxg2 45. Rg4 Rh2 46. Rg3 a4 47. bxa4 e4+ 48. Ke3 Rxc2 49. Rg5+ Kc4 50. Kxe4 Rxa2 51. Rg8 b3 ({But not} 51... Rxa4 52. Rc8+ Kb3 53. h4 $17) 52. Rc8+ Kb4 53. Rb8+ Kxa4 {Strongly threatening ...Rh2.} 54. Kf5 Rc2 55. Ra8+ Kb4 {aiming for ...Rc5+.} 56. Rb8+ Ka3 57. h4 b2 58. h5 Rc8 59. Rb7 Rc1 60. h6 b1=Q+ 61. Rxb1 Rxb1 62. h7 Rh1 63. Kg6 Rxh7 64. Kxh7 {Precision: White = 69%, Black = 54%.} 1/2-1/2

[Event "Schaakweek Apeldoorn GM 2018"]
[Site "Apeldoorn"]
[Date "2018.06.07"]
[Round "1"]
[White "Gascon Del Nogal, Jose Rafael"]
[Black "Ten Hertog, Hugo"]
[Result "1/2-1/2"]
[WhiteElo "2470"]
[BlackElo "2453"]
[Annotator "TA"]
[PlyCount "98"]
[EventDate "2018.06.12"]
[EventType "tourn"]
[EventCountry "NED"]
[SourceTitle "playchess.com"]
[Source "ChessBase"]
[SourceQuality "1"]

{[%evp 20,98,10,15,25,33,56,45,41,47,77,21,27,0,47,49,79,44,64,69,63,72,58,57,49,30,69,72,55,71,73,-5,0,-9,0,0,-22,0,17,0,0,0,30,0,0,0,0,0,0,0,7,-9,0,0,0,0,0,0,0,0,0,0,0,0,0,0,0,0,0,0,0,0,0,0,0,0,0,0,0,0,0]} 1. e4 g6 2. d4 Bg7 3. Nf3 d6 4. Bc4 Nf6 5. Qe2 O-O 6. e5 dxe5 7. dxe5 Nd5 8. O-O Bg4 {B06: Modern Defence} 9. Nbd2 Nb6 (9... c6 10. h3 Bf5 11. Nd4 Qc8 12. f4 Bd7 13. a4 Nb6 14. Bb3 c5 15. Nb5 {0-1 (52) Mikaelyan,A (2486)-Aravindh,C (2617) Moscow 2018}) 10. Bd3 Nc6 11. h3 $1 {[%cal Rh3g4] LiveBook: 4 Games} Be6 12. Rd1 Nb4 13. Be4 $1 c6 $146 ({Predecessor:} 13... Qc8 14. Nb3 c6 15. Nc5 {0-1 (77) Daurelle,H (2281)-Copie,J (2375) IECG email 2004}) 14. a3 Na6 15. Nb3 ({White should play} 15. Ng5 $16) 15... Qc7 $11 16. Bf4 Nc4 17. Rab1 Nxe5 18. Kh1 Rad8 19. Bd3 {[%cal Rf3e5]} f6 20. Bxe5 fxe5 21. Ng5 Bd5 22. Bxa6 bxa6 23. c4 Bf7 24. Nc5 Rd6 25. Rxd6 (25. Nxa6 $16 Qa5 26. Nb4) 25... exd6 26. Nxa6 Qc8 (26... Qb6 {keeps more tension.} 27. Nb4 a5 28. Nc2 Qb3 29. Ne3 d5) 27. Nxf7 Rxf7 28. Nb4 Rf4 29. Rd1 a5 30. Nc2 Qe6 31. b3 {[#]} a4 $1 {[%mdl 512] The position is equal.} 32. bxa4 Qxc4 33. Qxc4+ Rxc4 {[%mdl 4096] Endgame KRB-KRN} 34. Ne3 Rd4 35. Rc1 Bh6 {White must now prevent ...c5.} (35... c5 {looks sharper.} 36. Nc4 Bh6 37. Rc2 d5 38. Nb6 Rd1+) 36. Rxc6 Bxe3 37. fxe3 Rxa4 38. Rxd6 Rxa3 {KR-KR} 39. Rd8+ Kg7 40. Rd7+ Kh6 41. Re7 Rxe3 42. Kg1 g5 43. Kf2 Re4 44. Kf3 Rf4+ 45. Ke3 Rf5 46. Re6+ Kg7 47. g4 Rf1 48. Rxe5 h6 49. Ke2 Rf4 {Precision: White = 69%, Black = 49%.} 1/2-1/2

[Event "Schaakweek Apeldoorn GM 2018"]
[Site "Apeldoorn"]
[Date "2018.06.07"]
[Round "1"]
[White "Warmerdam, Max"]
[Black "Hillarp Persson, Tiger"]
[Result "0-1"]
[WhiteElo "2370"]
[BlackElo "2546"]
[Annotator "TA"]
[PlyCount "36"]
[EventDate "2018.06.12"]
[EventType "tourn"]
[EventCountry "NED"]
[SourceTitle "playchess.com"]
[Source "ChessBase"]
[SourceQuality "1"]

{[%evp 9,36,52,56,28,25,31,46,35,66,19,42,20,24,24,39,-1,0,2,0,-3,48,51,111,-321,-322,-508,-502,-1127,-1085]} 1. e4 d6 2. d4 Nf6 3. Nc3 g6 4. Be3 a6 5. f3 (5. h3 Bg7 6. Nf3 O-O 7. a4 Nc6 8. Be2 e6 9. O-O b6 10. d5 exd5 11. exd5 Ne7 12. Bc4 Bb7 13. Qd2 Nf5 14. Bf4 Qd7 15. Rfe1 Rfe8 16. Rxe8+ Rxe8 17. Re1 Rxe1+ 18. Qxe1 {½-½ (63) Caruana,F (2799)-Grischuk,A (2782) Saint Louis 2017}) 5... b5 6. h4 {B07: Pirc Defence: Miscellaneous Systems} (6. Qd2 {feels hotter.} Bg7 7. O-O-O Bb7 8. a3 h5 9. e5) 6... h5 7. Nh3 $146 ({Predecessor:} 7. Qd2 Bg7 8. O-O-O c6 9. Kb1 Qc7 10. a3 O-O 11. Nh3 Bxh3 12. Rxh3 a5 {0-1 (52) Soors,S (2407)-Van der Werf,M (2405) Leiden 2015}) 7... Bxh3 8. Rxh3 {White is slightly better.} c6 9. Qd2 Nbd7 10. O-O-O Qc7 11. Bd3 Bg7 12. f4 b4 13. Na4 $36 {[%mdl 2048] White is pushing.} Ng4 14. Qxb4 c5 (14... Rb8 $11 15. Qc3 O-O) 15. dxc5 $14 Nxe3 (15... dxc5 $14 16. Qd2 (16. Bxc5 Rb8 $17) 16... Bd4) 16. cxd6 $2 {[%mdl 8192] [#]} (16. Rxe3 $16 {is forced if you want to stay better. cxd6 is the strong threat.} dxc5 17. Qd2) 16... Qa7 $19 17. dxe7 (17. Rdh1 $142) 17... Nxd1 18. e5 (18. Kxd1 $142 Rb8 19. Qe1) 18... Qg1 {Precision: White = 18%, Black = 53%.} 0-1

[Event "Schaakweek Apeldoorn GM 2018"]
[Site "Apeldoorn"]
[Date "2018.06.08"]
[Round "2"]
[White "Fier, Alexandr"]
[Black "Pijpers, Arthur"]
[Result "0-1"]
[WhiteElo "2576"]
[BlackElo "2479"]
[Annotator "TA"]
[PlyCount "108"]
[EventDate "2018.06.12"]
[EventType "tourn"]
[EventCountry "NED"]
[SourceTitle "playchess.com"]
[Source "ChessBase"]
[SourceQuality "1"]

{[%evp 29,108,40,58,58,55,53,30,25,97,81,81,77,96,62,95,40,114,107,110,101,117,112,256,246,216,216,228,250,356,345,338,337,323,235,281,274,255,268,279,280,263,272,252,178,203,219,202,182,120,131,323,302,373,380,405,364,335,333,473,454,1324,1308,1312,1303,1237,1172,2478,2375,2203,2143,29993,29993,29980,-2126,-1027,-5189,-4613,-5210,-5157,-2938,-2868]} 1. e4 c5 2. Nf3 d6 3. d4 cxd4 4. Nxd4 Nf6 5. Nc3 g6 6. Be3 Bg7 7. f3 Nc6 8. Qd2 O-O 9. O-O-O d5 10. Nxc6 bxc6 11. Bh6 Bxh6 12. Qxh6 Qb6 {B76: Sizilianisch (Moderne Drachen-Variante)} 13. h4 Rb8 14. b3 Qc5 15. Kb2 dxe4 {LiveBook: 3 Partien} 16. Qg5 Qf5 $146 ({Vorgänger:} 16... Qxg5 17. hxg5 Nd5 18. Nxe4 Bf5 19. Nc5 Rfd8 20. g4 Bxc2 {1-0 (47) Garcia Pantoja,R (2499)-Guerrero Sierra,J (2286) Medellin 2017}) 17. g4 Qxf3 18. Be2 Qg3 (18... Qf2 $1 $11) 19. h5 $1 $16 {[%cal Rh5g6] Und weiter mit hxg6 wäre nett.} Be6 {[#]} (19... Bxg4 $2 20. hxg6 fxg6 21. Rdg1 $18) 20. Qh6 $1 {hxg6 ist eine echte Drohung.} g5 ({Jedoch nicht} 20... Nxg4 $2 21. Bxg4 Qe5 22. hxg6 $18) ({Falsch wäre} 20... Bxg4 $2 21. Rdg1 $18) 21. Qxg5+ Kh8 22. Qc5 (22. Rhg1 $16 Qh2 23. Qc5) 22... Nd5 (22... Nxg4 $14 23. Qxe7 Rfe8 24. Qxa7 Qf2 25. Qd4+ Qxd4 26. Rxd4 c5) 23. Qd4+ f6 24. Nxe4 Qe3 25. Rhe1 Rbd8 (25... Bc8 $16) 26. Nc5 $18 Qxd4+ 27. Rxd4 Bc8 {[#]} 28. Ra4 $1 Rg8 (28... a6 $142 29. Bxa6 Nb6) 29. Rxa7 e5 30. Ra8 Ne3 31. Ne4 Rdf8 32. Nd6 Bxg4 33. Rxf8 Rxf8 34. Bxg4 Nxg4 {[%mdl 4096] Endspiel KTS-KTS} 35. Nf5 Nf2 36. a4 Kg8 37. Ne7+ Kf7 38. Nxc6 Ke6 39. b4 Kd5 $2 (39... e4 $16) 40. b5 e4 41. Kb3 f5 42. Re2 Ng4 43. c4+ Kc5 (43... Kd6 $142 44. Rd2+ Kc7) 44. Rd2 e3 (44... Nf6 $142 45. Nd8 e3 46. Ne6+ Kb6 47. a5+ Ka7 48. b6+ Ka6) 45. Rd5+ Kb6 46. a5+ {[%cal Ba4a5,Ba5a6][%mdl 32]} Kc7 47. Nd4 f4 48. b6+ {[%cal Bb5b6,Bb6b7][%mdl 32]} Kc8 49. a6 f3 50. b7+ Kb8 51. Rd7 $4 {[%mdl 8192]} (51. Nc6+ {und alles wird gut.} Kc7 52. Rb5 Kxc6 53. a7 Rd8 54. b8=Q Rd3+ 55. Kb4 Kd7 56. a8=Q Ke6 57. Qe8+ Kf6 58. Qxf3+ Kg7 59. Qff8#) 51... Ne5 $19 {Schwarz steht klar auf Gewinn.} 52. Re7 f2 53. Rxe5 f1=Q 54. Kb4 Qf6 {Precision: Weiß = 83%, Schwarz = 42%.} 0-1

[Event "Schaakweek Apeldoorn GM 2018"]
[Site "Apeldoorn"]
[Date "2018.06.08"]
[Round "2"]
[White "Ernst, Sipke"]
[Black "Kuipers, Stefan"]
[Result "0-1"]
[WhiteElo "2555"]
[BlackElo "2477"]
[Annotator "TA"]
[PlyCount "92"]
[EventDate "2018.06.12"]
[EventType "tourn"]
[EventCountry "NED"]
[SourceTitle "playchess.com"]
[Source "ChessBase"]
[SourceQuality "1"]

{[%evp 20,92,31,0,0,13,9,-7,-16,-20,-2,-26,-18,-25,0,-85,-72,-149,-44,-76,-68,-92,0,0,0,0,0,0,0,-94,-80,-86,-24,-70,-58,-74,-17,-40,-7,-8,0,0,0,0,0,0,0,0,-7,-250,-252,-362,-355,-352,-343,-345,-336,-480,-480,-480,-477,-958,-366,-432,-423,-604,-594,-616,-610,-595,-546,-889,-874,-1104,-1030]} 1. d4 d5 2. c4 c6 3. Nf3 Nf6 4. Nc3 e6 5. e3 Nbd7 6. Qc2 Bd6 7. Bd3 O-O 8. O-O dxc4 9. Bxc4 Qe7 10. h3 e5 11. Bb3 a5 {D46: Semi-Slav: 5 e3 Nbd7 6 Bd3, Black avoids the Meran} (11... Bc7 12. Bd2 h6 13. Rad1 Re8 14. Nh4 Nf8 15. Nf5 Bxf5 16. Qxf5 e4 17. h4 Rad8 18. a3 Qd7 19. Qxd7 N8xd7 {1-0 (66) Duda,J (2697)-Adhiban,B (2670) Khanty-Mansiysk 2017}) 12. a3 Bc7 13. Re1 h6 {The position is equal.} 14. Bd2 Re8 $146 ({Predecessor:} 14... Rd8 15. Rac1 e4 16. Nh2 Nb6 17. Nf1 Re8 18. Qb1 a4 19. Bc2 Bd7 {0-1 (19) Samraoui,A (2453)-Miettinen,K (2468) England 1999}) 15. dxe5 Nxe5 {Strongly threatening ...a4!} 16. Nd4 c5 {...Bxh3 is the strong threat.} 17. Ndb5 (17. f4 $11 {remains equal.} cxd4 18. exd4) 17... c4 18. Ba2 {[#]} (18. Ba4 $142 Bd7 19. b3) 18... Be6 ({Black should try} 18... Bxh3 $1 $17 {[%mdl 512]} 19. Nxc7 (19. gxh3 Nf3+) 19... Qxc7) 19. Nxc7 Qxc7 20. Nb5 Qb6 (20... Qd7 $17 21. Nd4 Bxh3 $1 {[%mdl 512]}) 21. Nd4 $11 Bd5 22. f3 Rac8 23. Bc3 Nd3 24. Qd2 (24. Re2 $11) 24... Nxe1 $17 25. Rxe1 a4 (25... Be6 $17) 26. Bb1 Be6 27. e4 Nd7 (27... Rcd8 $17) 28. f4 $11 f6 29. Kh1 Nc5 30. e5 fxe5 31. Rxe5 {Hoping for Qe3.} Bf7 32. Nf5 $1 Rxe5 33. Bxe5 {Threatens to win with Ne7+.} Rd8 34. Qe2 $2 {[#]} (34. Bd6 $11 {and White stays safe.} Rxd6 35. Qxd6 Qxd6 36. Nxd6) 34... Nd3 $1 $19 35. Bxd3 (35. Bxg7 {is a better defense.} Qe6 36. Qxe6 Bxe6 37. Bf6) 35... cxd3 ({Stronger than} 35... Rxd3 36. Qg4 $11) 36. Qd2 Qc5 37. Kh2 Rd5 38. Ne3 {[#]} (38. Ng3 $142) 38... Qxe3 $1 {[%mdl 512]} 39. Qxe3 d2 40. Bxg7 ({Weaker is} 40. Qg3 Rxe5 41. Qc3 d1=Q $19) (40. f5 $142 d1=Q 41. Qg3) 40... d1=Q $2 (40... Kxg7 41. Qc3+ Kf8 42. Qh8+ Ke7 43. Qxh6 d1=Q 44. Qh4+ Kd7) 41. Be5 Qc2 {Black is clearly winning.} 42. Qg3+ (42. Qb6 $142 Qc6 43. Qe3) 42... Qg6 43. Qc3 Rd3 44. Qc8+ Be8 45. Qc4+ Kh7 {( -> ...Qg3+)} 46. Qc7+ Bd7 {Precision: White = 39%, Black = 65%.} 0-1

[Event "Schaakweek Apeldoorn GM 2018"]
[Site "Apeldoorn"]
[Date "2018.06.08"]
[Round "2"]
[White "Hillarp Persson, Tiger"]
[Black "Beerdsen, Thomas"]
[Result "0-1"]
[WhiteElo "2546"]
[BlackElo "2454"]
[Annotator "TA"]
[PlyCount "74"]
[EventDate "2018.06.12"]
[EventType "tourn"]
[EventCountry "NED"]
[SourceTitle "playchess.com"]
[Source "ChessBase"]
[SourceQuality "1"]

{[%evp 19,74,-2,68,0,0,0,0,0,0,-6,52,-12,-20,-13,-16,-8,-16,-12,-12,-13,-21,-86,-90,-95,-95,-126,-131,-154,-150,-151,-124,-237,-241,-192,-139,-106,-120,-158,-154,-220,-113,-135,-8,-162,-140,-236,-224,-162,-192,-955,-955,-29981,-29978,-29986,-29987,-29987,-29988]} 1. Nf3 Nf6 2. g3 e6 3. Bg2 d5 4. O-O Be7 5. d3 c5 6. Nbd2 Nc6 7. e4 b6 8. Re1 Bb7 9. c3 Qc7 10. a3 O-O-O {LiveBook: 16 Partien} ({Besser ist} 10... dxe4 $11 11. Nxe4 Nxe4 12. dxe4 O-O) 11. e5 {C00: Französische Verteidigung (Seltene Züge)} (11. exd5 $14 Nxd5 12. Nc4) (11. exd5 Nxd5 12. Qc2 h6 13. Nc4 g5 14. a4 a5 15. Qb3 Bf6 16. Nfd2 Kb8 17. Na3 Ne5 18. Nb5 Qe7 {1-0 (28) Anton Guijarro,D (2475)-Moreno Ruiz,J (2513) Madrid 2012}) 11... Nd7 $1 $11 {[%cal Rd7e5]} 12. d4 g5 {Droht ...g4 und aus.} 13. Nf1 {Die Stellung ist ausgeglichen.} Rdg8 14. b4 $146 ({Vorgänger:} 14. g4 Nf8 15. Ng3 h6 16. b4 c4 17. a4 Ng6 18. Nh5 Kb8 {0-1 (69) Cosma,E (2230)-Socko,M (2210) Timisoara 1993}) 14... c4 (14... g4 $11 15. N3d2 h5) 15. g4 (15. a4 $14) 15... h5 $36 {[%mdl 2048] Schwarz kämpft um Vorteil.} 16. h3 $1 hxg4 17. hxg4 Nf8 18. Ng3 Ng6 19. Nh5 {[#]} Nf4 $1 {[%mdl 512]} 20. Nxf4 (20. Nh2 $11) (20. Bxf4 gxf4) 20... gxf4 $17 21. Nh2 Bg5 22. Qf3 Ne7 {[%cal Bc6e7,Be7g6,Bg6h4][%mdl 32]} 23. Bxf4 Bxf4 24. Qxf4 f5 $1 25. f3 (25. gxf5 $17 Nxf5 26. f3) 25... Ng6 $1 $19 {[%cal Rg6f4][%mdl 1024] Schwarz hat starke Kompensation.} 26. Qg3 f4 (26... Qe7 $19 27. a4 Qg5) 27. Qf2 $17 Qh7 $1 {[%cal Rh7h2]} 28. Nf1 Nh4 $1 29. Ra2 {[#]} (29. Re2 $17) 29... Bc6 ({Lieber} 29... Nxf3+ $1 $19 30. Qxf3 Qh4) 30. Qd2 Qh6 (30... Nxg2 $17 31. Qxg2 Qd3) 31. a4 $2 {[#]} (31. Qd1 $1 $11 {und Weiss muss sich keine Sorgen machen.}) 31... Be8 $1 $19 32. b5 (32. a5 $17 Nxg2 33. Qxg2) 32... Bg6 33. a5 {Mit der Idee axb6.} Be4 34. Nh2 $2 {[#]} (34. Rxe4 dxe4 35. Qe2 Nxg2 36. Qxe4 Qh1+ 37. Kf2 Qh4+ 38. Kg1) 34... Nxf3+ $1 {[%mdl 512]} 35. Bxf3 Bxf3 {Schwarz setzt Matt.} 36. Nxf3 Rxg4+ 37. Kf2 Qg6 {Precision: Weiß = 25%, Schwarz = 73%.} 0-1

[Event "Schaakweek Apeldoorn GM 2018"]
[Site "Apeldoorn"]
[Date "2018.06.08"]
[Round "2"]
[White "Warmerdam, Max"]
[Black "Gascon Del Nogal, Jose Rafael"]
[Result "1-0"]
[WhiteElo "2370"]
[BlackElo "2470"]
[Annotator "TA"]
[PlyCount "29"]
[EventDate "2018.06.12"]
[EventType "tourn"]
[EventCountry "NED"]
[SourceTitle "playchess.com"]
[Source "ChessBase"]
[SourceQuality "1"]

{[%evp 17,29,0,45,0,0,0,0,0,986,988,1336,1373,1347,1314]} 1. d4 Nf6 2. c4 e6 3. Nf3 d5 4. Nc3 Be7 5. Bf4 O-O 6. e3 b6 7. cxd5 Nxd5 8. Nxd5 {D37: Damengambit (5.Lf4)} Qxd5 9. Bd3 (9. Be2 Bb7 10. Bxc7 Qa5+ 11. Kf1 Nd7 12. h4 Rac8 13. Bf4 Rfd8 14. Kg1 Bxf3 15. Bxf3 e5 {½-½ (31) Ding,L (2769)-So,W (2799) Berlin 2018}) 9... c5 {LiveBook: 4 Partien} 10. dxc5 $146 {Weiß steht etwas besser.} ({Vorgänger:} 10. Qc2 Bb7 11. dxc5 Na6 12. O-O Nb4 13. Bxh7+ Kh8 14. Qa4 Bxc5 15. Bb1 Rfd8 {1-0 (66) Tran,T (2468)-Nazaretyan,T (2308) St Petersburg 2016}) 10... Rd8 11. Ne5 {Lxh7+! ist eine echte Drohung.} Qxg2 {[#]} 12. Bxh7+ $1 {[%mdl 512]} Kf8 $2 {[%mdl 8192] [#]} (12... Kxh7 $11 13. Qh5+ Kg8 14. Qxf7+ Kh8 15. Qh5+ Kg8 16. Qf7+ Kh8 17. Qh5+ Kg8 18. Qf7+) 13. Qh5 $1 $18 {[%csl Ge5][%cal Rh5f7][%mdl 512] Weiß steht klar auf Gewinn.} g6 {[#]} 14. Bxg6 $1 {[%cal Rh5h8][%mdl 512]} Bf6 {[#]} (14... fxg6 15. Qh8#) 15. Be4 $1 {[%mdl 512]} 1-0